LEADER 01714nam 2200541Ia 450 001 9910463292003321 005 20200520144314.0 010 $a1-62081-626-1 035 $a(CKB)2670000000408505 035 $a(EBL)3022650 035 $a(SSID)ssj0000950283 035 $a(PQKBManifestationID)11588796 035 $a(PQKBTitleCode)TC0000950283 035 $a(PQKBWorkID)11005166 035 $a(PQKB)11678921 035 $a(MiAaPQ)EBC3022650 035 $a(Au-PeEL)EBL3022650 035 $a(CaPaEBR)ebr10729690 035 $a(OCoLC)857082556 035 $a(EXLCZ)992670000000408505 100 $a20120402d2012 uy 0 101 0 $aeng 135 $aur|n|---||||| 181 $ctxt 182 $cc 183 $acr 200 10$aIrritable bowel syndrome$b[electronic resource] $ediagnosis, pathogenesis, and treatment options /$fMagdy El-Salhy ... [et al.] 210 $aNew York $cNova Science Publishers$dc2012 215 $a1 online resource (162 p.) 225 1 $aDigestive diseases--research and clinical developments 300 $aDescription based upon print version of record. 311 $a1-62081-552-4 320 $aIncludes bibliograpical references and index. 410 0$aDigestive diseases--research and clinical developments series. 606 $aIrritable colon 606 $aColon (Anatomy)$xDiseases 608 $aElectronic books. 615 0$aIrritable colon. 615 0$aColon (Anatomy)$xDiseases. 676 $a616.3/42 700 $aEl-Salhy$b Magdy$0789677 801 0$bMiAaPQ 801 1$bMiAaPQ 801 2$bMiAaPQ 906 $aBOOK 912 $a9910463292003321 996 $aIrritable bowel syndrome$92237361 997 $aUNINA LEADER 01590nam 2200517 450 001 9910468160503321 005 20200520144314.0 010 $a1-78570-647-0 010 $a1-78570-645-4 035 $a(CKB)4340000000191206 035 $a(MiAaPQ)EBC4915713 035 $a(Au-PeEL)EBL4915713 035 $a(CaPaEBR)ebr11412698 035 $a(CaONFJC)MIL1021799 035 $a(OCoLC)984512110 035 $a(EXLCZ)994340000000191206 100 $a20170811h20172017 uy 0 101 0 $aeng 135 $aurcnu|||||||| 181 $2rdacontent 182 $2rdamedia 183 $2rdacarrier 200 00$aUnderstanding relations between scripts $ethe Aegean writing systems /$fedited by Philippa M. Steele 210 1$aOxford, [England] ;$aPhiladelphia, [Pennsylvania] :$cOxbow Books,$d2017. 210 4$dİ2017 215 $a1 online resource (222 pages) $cillustrations, tables 311 $a1-78570-644-6 320 $aIncludes bibliographical references and index. 606 $aInscriptions, Linear B 606 $aInscriptions, Cypro-Minoan 606 $aInscriptions, Linear A 606 $aWriting$zAegean Sea Region 608 $aElectronic books. 615 0$aInscriptions, Linear B. 615 0$aInscriptions, Cypro-Minoan. 615 0$aInscriptions, Linear A. 615 0$aWriting 676 $a487.1 702 $aSteele$b Philippa M. 801 0$bMiAaPQ 801 1$bMiAaPQ 801 2$bMiAaPQ 906 $aBOOK 912 $a9910468160503321 996 $aUnderstanding relations between scripts$92013126 997 $aUNINA